000 00629cam a22002171 4500
001 he 67002272
003 DLC
005 20260227111451.0
008 880512s1965 is 000 0 hebr
010 _ahe 67002272
035 _a(OCoLC)17944260
040 _aDLC
_cTxU
_dTxU
_dDLC
042 _apremarc
050 0 0 _aBM504.2
_b.T7
100 1 _aTrachtman, Benjamin.
245 1 0 _aKuntres ḥidushe Torah;
_bbeʼurim ve-ḥidushim be-sugyot shonot sheba-Shas.
_cha-Meḥaber Binyamin Trakhtman.
260 _aBene-Berak,
_c726 [1965]
300 _a16 p.
_c24 cm.
500 _aCover title.
630 0 0 _aTalmud
_xCommentaries.
999 _c32759
_d32759